<?xml version="1.0" encoding="UTF-8"?>
<record
    xmlns:xsi="http://www.w3.org/2001/XMLSchema-instance"
    xsi:schemaLocation="http://www.loc.gov/MARC21/slim http://www.loc.gov/standards/marcxml/schema/MARC21slim.xsd"
    xmlns="http://www.loc.gov/MARC21/slim">

  <leader>06782nam a22006737a 4500</leader>
  <controlfield tag="005">20090119143636.0</controlfield>
  <controlfield tag="008">090119t        xxu||||| |||| 00| 1 eng d</controlfield>
  <datafield tag="010" ind1=" " ind2=" ">
    <subfield code="a">B-344670-699</subfield>
  </datafield>
  <datafield tag="020" ind1=" " ind2=" ">
    <subfield code="a">8189750607</subfield>
    <subfield code="c">80.00</subfield>
  </datafield>
  <datafield tag="020" ind1=" " ind2=" ">
    <subfield code="a">9788189750602</subfield>
    <subfield code="c">80.00</subfield>
  </datafield>
  <datafield tag="035" ind1=" " ind2=" ">
    <subfield code="a">B-344670-699</subfield>
  </datafield>
  <datafield tag="035" ind1=" " ind2=" ">
    <subfield code="a">B-357113</subfield>
  </datafield>
  <datafield tag="035" ind1=" " ind2=" ">
    <subfield code="a">B-357737</subfield>
  </datafield>
  <datafield tag="037" ind1=" " ind2=" ">
    <subfield code="b">DBAD / PUB</subfield>
  </datafield>
  <datafield tag="040" ind1=" " ind2=" ">
    <subfield code="a">dpl</subfield>
    <subfield code="b">English</subfield>
  </datafield>
  <datafield tag="082" ind1=" " ind2=" ">
    <subfield code="a">S</subfield>
  </datafield>
  <datafield tag="110" ind1=" " ind2=" ">
    <subfield code="a">illustrated by Neeta Gangopadhya</subfield>
  </datafield>
  <datafield tag="245" ind1=" " ind2=" ">
    <subfield code="a">A garland of tales: </subfield>
    <subfield code="c">edited by Geeta Menon ; illustrated by Neeta Gangopadhya</subfield>
    <subfield code="b">seventeen folk tales /</subfield>
  </datafield>
  <datafield tag="260" ind1=" " ind2=" ">
    <subfield code="a">New Delhi</subfield>
    <subfield code="b">Children Book Trust</subfield>
    <subfield code="c">2008</subfield>
  </datafield>
  <datafield tag="270" ind1=" " ind2=" ">
    <subfield code="a">Nehru House, 4 Bahadur shah Zafar Marg</subfield>
    <subfield code="b">New Delhi</subfield>
    <subfield code="e">110002</subfield>
  </datafield>
  <datafield tag="300" ind1=" " ind2=" ">
    <subfield code="a">96 p. :</subfield>
    <subfield code="c">25cm (Hb)</subfield>
    <subfield code="b">col. ill.</subfield>
  </datafield>
  <datafield tag="700" ind1=" " ind2=" ">
    <subfield code="a">Menon , Geeta</subfield>
  </datafield>
  <datafield tag="700" ind1=" " ind2=" ">
    <subfield code="a">Gangopadhya, Neeta</subfield>
  </datafield>
  <datafield tag="366" ind1=" " ind2=" ">
    <subfield code="b">2008</subfield>
  </datafield>
  <datafield tag="942" ind1=" " ind2=" ">
    <subfield code="2">ddc</subfield>
    <subfield code="c">CH</subfield>
    <subfield code="h">S</subfield>
    <subfield code="m">GAR</subfield>
  </datafield>
  <datafield tag="999" ind1=" " ind2=" ">
    <subfield code="c">21634</subfield>
    <subfield code="d">21634</subfield>
  </datafield>
  <datafield tag="952" ind1=" " ind2=" ">
    <subfield code="0">0</subfield>
    <subfield code="1">0</subfield>
    <subfield code="2">ddc</subfield>
    <subfield code="4">0</subfield>
    <subfield code="7">0</subfield>
    <subfield code="8">FIC</subfield>
    <subfield code="a">M</subfield>
    <subfield code="b">M</subfield>
    <subfield code="d">2009-08-31</subfield>
    <subfield code="e">Tarun Books /3944/21.5.09/13/23.4.09/4.7.09</subfield>
    <subfield code="g">80.00</subfield>
    <subfield code="l">0</subfield>
    <subfield code="o">S GAR</subfield>
    <subfield code="p">B-344670</subfield>
    <subfield code="r">2009-08-31 00:00:00</subfield>
    <subfield code="t">2</subfield>
    <subfield code="v">80.00</subfield>
    <subfield code="w">2009-08-31</subfield>
    <subfield code="y">CH</subfield>
  </datafield>
  <datafield tag="952" ind1=" " ind2=" ">
    <subfield code="0">0</subfield>
    <subfield code="1">0</subfield>
    <subfield code="2">ddc</subfield>
    <subfield code="4">0</subfield>
    <subfield code="7">0</subfield>
    <subfield code="8">FIC</subfield>
    <subfield code="a">M</subfield>
    <subfield code="b">M</subfield>
    <subfield code="d">2009-08-31</subfield>
    <subfield code="e">Tarun Books /3944/21.5.09/13/23.4.09/4.7.09</subfield>
    <subfield code="g">80.00</subfield>
    <subfield code="l">0</subfield>
    <subfield code="o">S GAR</subfield>
    <subfield code="p">B-344671</subfield>
    <subfield code="r">2009-08-31 00:00:00</subfield>
    <subfield code="t">2</subfield>
    <subfield code="v">80.00</subfield>
    <subfield code="w">2009-08-31</subfield>
    <subfield code="y">CH</subfield>
  </datafield>
  <datafield tag="952" ind1=" " ind2=" ">
    <subfield code="0">0</subfield>
    <subfield code="1">0</subfield>
    <subfield code="2">ddc</subfield>
    <subfield code="4">0</subfield>
    <subfield code="7">0</subfield>
    <subfield code="8">FIC</subfield>
    <subfield code="a">NPL</subfield>
    <subfield code="b">NPL</subfield>
    <subfield code="d">2009-08-31</subfield>
    <subfield code="e">Tarun Books /3944/21.5.09/13/23.4.09/4.7.09</subfield>
    <subfield code="g">80.00</subfield>
    <subfield code="l">0</subfield>
    <subfield code="o">S GAR</subfield>
    <subfield code="p">B-344672</subfield>
    <subfield code="r">2009-08-31 00:00:00</subfield>
    <subfield code="t">1</subfield>
    <subfield code="v">80.00</subfield>
    <subfield code="w">2009-08-31</subfield>
    <subfield code="y">CH</subfield>
  </datafield>
  <datafield tag="952" ind1=" " ind2=" ">
    <subfield code="0">0</subfield>
    <subfield code="1">0</subfield>
    <subfield code="2">ddc</subfield>
    <subfield code="4">0</subfield>
    <subfield code="7">0</subfield>
    <subfield code="8">FIC</subfield>
    <subfield code="a">L</subfield>
    <subfield code="b">L</subfield>
    <subfield code="d">2009-08-31</subfield>
    <subfield code="e">Tarun Books/3944/21.5.09/13/23.4.09/4.7.09</subfield>
    <subfield code="g">80.00</subfield>
    <subfield code="l">0</subfield>
    <subfield code="o">S GAR</subfield>
    <subfield code="p">B-344673</subfield>
    <subfield code="r">2009-08-31 00:00:00</subfield>
    <subfield code="t">1</subfield>
    <subfield code="v">80.00</subfield>
    <subfield code="w">2009-08-31</subfield>
    <subfield code="y">CH</subfield>
  </datafield>
  <datafield tag="952" ind1=" " ind2=" ">
    <subfield code="0">0</subfield>
    <subfield code="1">5</subfield>
    <subfield code="2">ddc</subfield>
    <subfield code="4">0</subfield>
    <subfield code="7">0</subfield>
    <subfield code="8">FIC</subfield>
    <subfield code="a">BL1</subfield>
    <subfield code="b">BL1</subfield>
    <subfield code="d">2009-08-31</subfield>
    <subfield code="e">Tarun Books/3944/21.5.09/13/23.4.09/4.7.09</subfield>
    <subfield code="g">80.00</subfield>
    <subfield code="l">0</subfield>
    <subfield code="o">S GAR</subfield>
    <subfield code="p">B-344674</subfield>
    <subfield code="r">2009-08-31 00:00:00</subfield>
    <subfield code="t">1</subfield>
    <subfield code="v">80.00</subfield>
    <subfield code="y">CH</subfield>
  </datafield>
  <datafield tag="952" ind1=" " ind2=" ">
    <subfield code="0">0</subfield>
    <subfield code="1">0</subfield>
    <subfield code="2">ddc</subfield>
    <subfield code="4">0</subfield>
    <subfield code="7">0</subfield>
    <subfield code="8">FIC</subfield>
    <subfield code="a">KGM</subfield>
    <subfield code="b">KGM</subfield>
    <subfield code="d">2009-08-31</subfield>
    <subfield code="e">Tarun Books/3944/21.5.09/13/23.4.09/4.7.09</subfield>
    <subfield code="g">80.00</subfield>
    <subfield code="l">0</subfield>
    <subfield code="o">S GAR</subfield>
    <subfield code="p">B-344675</subfield>
    <subfield code="r">2009-08-31 00:00:00</subfield>
    <subfield code="t">1</subfield>
    <subfield code="v">80.00</subfield>
    <subfield code="w">2009-08-31</subfield>
    <subfield code="y">CH</subfield>
  </datafield>
  <datafield tag="952" ind1=" " ind2=" ">
    <subfield code="0">0</subfield>
    <subfield code="1">0</subfield>
    <subfield code="2">ddc</subfield>
    <subfield code="4">0</subfield>
    <subfield code="7">0</subfield>
    <subfield code="8">FIC</subfield>
    <subfield code="a">PR</subfield>
    <subfield code="b">PR</subfield>
    <subfield code="d">2009-08-31</subfield>
    <subfield code="e">Tarun Books/3944/21.5.09/13/23.4.09/4.7.09</subfield>
    <subfield code="g">80.00</subfield>
    <subfield code="l">0</subfield>
    <subfield code="o">S GAR</subfield>
    <subfield code="p">B-344676</subfield>
    <subfield code="r">2009-08-31 00:00:00</subfield>
    <subfield code="t">1</subfield>
    <subfield code="v">80.00</subfield>
    <subfield code="w">2009-08-31</subfield>
    <subfield code="y">CH</subfield>
  </datafield>
  <datafield tag="952" ind1=" " ind2=" ">
    <subfield code="0">0</subfield>
    <subfield code="1">0</subfield>
    <subfield code="2">ddc</subfield>
    <subfield code="4">0</subfield>
    <subfield code="7">0</subfield>
    <subfield code="8">FIC</subfield>
    <subfield code="a">CJ</subfield>
    <subfield code="b">CJ</subfield>
    <subfield code="d">2009-08-31</subfield>
    <subfield code="e">Tarun Books/3944/21.5.09/13/23.4.09/4.7.09</subfield>
    <subfield code="g">80.00</subfield>
    <subfield code="l">0</subfield>
    <subfield code="o">S GAR</subfield>
    <subfield code="p">B-344678</subfield>
    <subfield code="r">2009-08-31 00:00:00</subfield>
    <subfield code="t">1</subfield>
    <subfield code="v">80.00</subfield>
    <subfield code="y">CH</subfield>
  </datafield>
  <datafield tag="952" ind1=" " ind2=" ">
    <subfield code="0">0</subfield>
    <subfield code="1">0</subfield>
    <subfield code="2">ddc</subfield>
    <subfield code="4">0</subfield>
    <subfield code="7">0</subfield>
    <subfield code="8">FIC</subfield>
    <subfield code="a">DIZ</subfield>
    <subfield code="b">DIZ</subfield>
    <subfield code="d">2009-08-31</subfield>
    <subfield code="e">Tarun Books/3944/21.5.09/13/23.4.09/4.7.09</subfield>
    <subfield code="g">80.00</subfield>
    <subfield code="l">0</subfield>
    <subfield code="o">S GAR</subfield>
    <subfield code="p">B-344679</subfield>
    <subfield code="r">2009-08-31 00:00:00</subfield>
    <subfield code="t">1</subfield>
    <subfield code="v">80.00</subfield>
    <subfield code="w">2009-08-31</subfield>
    <subfield code="y">CH</subfield>
  </datafield>
  <datafield tag="952" ind1=" " ind2=" ">
    <subfield code="0">0</subfield>
    <subfield code="1">0</subfield>
    <subfield code="2">ddc</subfield>
    <subfield code="4">0</subfield>
    <subfield code="7">0</subfield>
    <subfield code="8">FIC</subfield>
    <subfield code="a">NRN</subfield>
    <subfield code="b">NRN</subfield>
    <subfield code="d">2009-08-31</subfield>
    <subfield code="e">Tarun Books/3944/21.5.09/13/23.4.09/4.7.09</subfield>
    <subfield code="g">80.00</subfield>
    <subfield code="l">0</subfield>
    <subfield code="o">S GAR</subfield>
    <subfield code="p">B-344680</subfield>
    <subfield code="r">2009-08-31 00:00:00</subfield>
    <subfield code="t">1</subfield>
    <subfield code="v">80.00</subfield>
    <subfield code="w">2009-08-31</subfield>
    <subfield code="y">CH</subfield>
  </datafield>
  <datafield tag="952" ind1=" " ind2=" ">
    <subfield code="0">0</subfield>
    <subfield code="1">0</subfield>
    <subfield code="2">ddc</subfield>
    <subfield code="4">0</subfield>
    <subfield code="7">0</subfield>
    <subfield code="8">FIC</subfield>
    <subfield code="a">ZLS</subfield>
    <subfield code="b">ZLS</subfield>
    <subfield code="d">2009-08-31</subfield>
    <subfield code="e">Tarun Books/3944/21.5.09/13/23.4.09/4.7.09</subfield>
    <subfield code="g">80.00</subfield>
    <subfield code="l">0</subfield>
    <subfield code="o">S GAR</subfield>
    <subfield code="p">B-344681</subfield>
    <subfield code="r">2009-08-31 00:00:00</subfield>
    <subfield code="t">1</subfield>
    <subfield code="v">80.00</subfield>
    <subfield code="w">2009-08-31</subfield>
    <subfield code="y">CH</subfield>
  </datafield>
  <datafield tag="952" ind1=" " ind2=" ">
    <subfield code="0">0</subfield>
    <subfield code="1">0</subfield>
    <subfield code="2">ddc</subfield>
    <subfield code="4">0</subfield>
    <subfield code="7">0</subfield>
    <subfield code="8">FIC</subfield>
    <subfield code="a">JB</subfield>
    <subfield code="b">JB</subfield>
    <subfield code="d">2009-08-31</subfield>
    <subfield code="e">Tarun Books/3944/21.5.09/13/23.4.09/4.7.09</subfield>
    <subfield code="g">80.00</subfield>
    <subfield code="l">1</subfield>
    <subfield code="o">S GAR</subfield>
    <subfield code="p">B-344682</subfield>
    <subfield code="r">2021-04-10 00:00:00</subfield>
    <subfield code="s">2021-03-13</subfield>
    <subfield code="t">1</subfield>
    <subfield code="v">80.00</subfield>
    <subfield code="w">2009-08-31</subfield>
    <subfield code="y">CH</subfield>
  </datafield>
  <datafield tag="952" ind1=" " ind2=" ">
    <subfield code="0">0</subfield>
    <subfield code="1">0</subfield>
    <subfield code="2">ddc</subfield>
    <subfield code="4">0</subfield>
    <subfield code="7">0</subfield>
    <subfield code="8">FIC</subfield>
    <subfield code="a">VP</subfield>
    <subfield code="b">VP</subfield>
    <subfield code="d">2009-08-31</subfield>
    <subfield code="e">Tarun Books/3944/21.5.09/13/23.4.09/4.7.09</subfield>
    <subfield code="g">80.00</subfield>
    <subfield code="l">4</subfield>
    <subfield code="m">1</subfield>
    <subfield code="o">S GAR</subfield>
    <subfield code="p">B-344683</subfield>
    <subfield code="r">2014-04-19 00:00:00</subfield>
    <subfield code="s">2014-03-29</subfield>
    <subfield code="t">1</subfield>
    <subfield code="v">80.00</subfield>
    <subfield code="w">2009-08-31</subfield>
    <subfield code="y">CH</subfield>
  </datafield>
  <datafield tag="952" ind1=" " ind2=" ">
    <subfield code="0">0</subfield>
    <subfield code="1">0</subfield>
    <subfield code="2">ddc</subfield>
    <subfield code="4">0</subfield>
    <subfield code="7">0</subfield>
    <subfield code="8">FIC</subfield>
    <subfield code="a">BL3</subfield>
    <subfield code="b">BL3</subfield>
    <subfield code="d">2009-08-31</subfield>
    <subfield code="e">Tarun Books/3944/21.5.09/13/23.4.09/4.7.09</subfield>
    <subfield code="g">80.00</subfield>
    <subfield code="l">0</subfield>
    <subfield code="o">S GAR</subfield>
    <subfield code="p">B-344684</subfield>
    <subfield code="r">2009-08-31 00:00:00</subfield>
    <subfield code="t">1</subfield>
    <subfield code="v">80.00</subfield>
    <subfield code="w">2009-08-31</subfield>
    <subfield code="y">CH</subfield>
  </datafield>
  <datafield tag="952" ind1=" " ind2=" ">
    <subfield code="0">0</subfield>
    <subfield code="1">0</subfield>
    <subfield code="2">ddc</subfield>
    <subfield code="4">0</subfield>
    <subfield code="7">0</subfield>
    <subfield code="8">FIC</subfield>
    <subfield code="a">NRR</subfield>
    <subfield code="b">NRR</subfield>
    <subfield code="d">2009-08-31</subfield>
    <subfield code="e">Tarun Books/3944/21.5.09/13/23.4.09/4.7.09</subfield>
    <subfield code="g">80.00</subfield>
    <subfield code="l">0</subfield>
    <subfield code="o">S GAR</subfield>
    <subfield code="p">B-344685</subfield>
    <subfield code="r">2009-08-31 00:00:00</subfield>
    <subfield code="t">1</subfield>
    <subfield code="v">80.00</subfield>
    <subfield code="w">2009-08-31</subfield>
    <subfield code="y">CH</subfield>
  </datafield>
  <datafield tag="952" ind1=" " ind2=" ">
    <subfield code="0">0</subfield>
    <subfield code="1">0</subfield>
    <subfield code="2">ddc</subfield>
    <subfield code="4">0</subfield>
    <subfield code="7">0</subfield>
    <subfield code="8">FIC</subfield>
    <subfield code="a">BKK</subfield>
    <subfield code="b">BKK</subfield>
    <subfield code="d">2009-08-31</subfield>
    <subfield code="e">Tarun Books/3944/21.5.09/13/23.4.09/4.7.09</subfield>
    <subfield code="g">80.00</subfield>
    <subfield code="l">0</subfield>
    <subfield code="o">S GAR</subfield>
    <subfield code="p">B-344686</subfield>
    <subfield code="r">2009-08-31 00:00:00</subfield>
    <subfield code="t">1</subfield>
    <subfield code="v">80.00</subfield>
    <subfield code="w">2009-08-31</subfield>
    <subfield code="y">CH</subfield>
  </datafield>
  <datafield tag="952" ind1=" " ind2=" ">
    <subfield code="0">4</subfield>
    <subfield code="1">0</subfield>
    <subfield code="2">ddc</subfield>
    <subfield code="4">0</subfield>
    <subfield code="7">0</subfield>
    <subfield code="8">FIC</subfield>
    <subfield code="a">NR</subfield>
    <subfield code="b">NR</subfield>
    <subfield code="d">2009-08-31</subfield>
    <subfield code="e">Tarun Books/3944/21.5.09/13/23.4.09/4.7.09</subfield>
    <subfield code="g">80.00</subfield>
    <subfield code="l">0</subfield>
    <subfield code="o">S GAR</subfield>
    <subfield code="p">B-344687</subfield>
    <subfield code="r">2009-08-31 00:00:00</subfield>
    <subfield code="t">1</subfield>
    <subfield code="v">80.00</subfield>
    <subfield code="w">2009-08-31</subfield>
    <subfield code="y">CH</subfield>
    <subfield code="z">Written off on approval by DLB (By Circulation); dtd 20.12.2022</subfield>
  </datafield>
  <datafield tag="952" ind1=" " ind2=" ">
    <subfield code="0">0</subfield>
    <subfield code="1">0</subfield>
    <subfield code="2">ddc</subfield>
    <subfield code="4">0</subfield>
    <subfield code="7">0</subfield>
    <subfield code="8">FIC</subfield>
    <subfield code="a">BN</subfield>
    <subfield code="b">BN</subfield>
    <subfield code="d">2009-08-31</subfield>
    <subfield code="e">Tarun Books/3944/21.5.09/13/23.4.09/4.7.09</subfield>
    <subfield code="g">80.00</subfield>
    <subfield code="l">0</subfield>
    <subfield code="o">S GAR</subfield>
    <subfield code="p">B-344688</subfield>
    <subfield code="r">2009-08-31 00:00:00</subfield>
    <subfield code="t">1</subfield>
    <subfield code="v">80.00</subfield>
    <subfield code="w">2009-08-31</subfield>
    <subfield code="y">CH</subfield>
    <subfield code="z">.3</subfield>
  </datafield>
  <datafield tag="952" ind1=" " ind2=" ">
    <subfield code="0">0</subfield>
    <subfield code="1">0</subfield>
    <subfield code="2">ddc</subfield>
    <subfield code="4">0</subfield>
    <subfield code="7">0</subfield>
    <subfield code="8">FIC</subfield>
    <subfield code="a">KV</subfield>
    <subfield code="b">KV</subfield>
    <subfield code="d">2009-08-31</subfield>
    <subfield code="e">Tarun Books/3944/21.5.09/13/23.4.09/4.7.09</subfield>
    <subfield code="g">80.00</subfield>
    <subfield code="l">0</subfield>
    <subfield code="o">S GAR</subfield>
    <subfield code="p">B-344689</subfield>
    <subfield code="r">2009-08-31 00:00:00</subfield>
    <subfield code="t">1</subfield>
    <subfield code="v">80.00</subfield>
    <subfield code="w">2009-08-31</subfield>
    <subfield code="y">CH</subfield>
  </datafield>
  <datafield tag="952" ind1=" " ind2=" ">
    <subfield code="0">0</subfield>
    <subfield code="1">5</subfield>
    <subfield code="2">ddc</subfield>
    <subfield code="4">0</subfield>
    <subfield code="7">0</subfield>
    <subfield code="8">FIC</subfield>
    <subfield code="a">MV</subfield>
    <subfield code="b">MV</subfield>
    <subfield code="d">2009-08-31</subfield>
    <subfield code="e">Tarun Books/3944/21.5.09/13/23.4.09/4.7.09</subfield>
    <subfield code="g">80.00</subfield>
    <subfield code="l">0</subfield>
    <subfield code="o">S GAR</subfield>
    <subfield code="p">B-344690</subfield>
    <subfield code="r">2009-08-31 00:00:00</subfield>
    <subfield code="t">1</subfield>
    <subfield code="v">80.00</subfield>
    <subfield code="y">CH</subfield>
  </datafield>
  <datafield tag="952" ind1=" " ind2=" ">
    <subfield code="0">0</subfield>
    <subfield code="1">0</subfield>
    <subfield code="2">ddc</subfield>
    <subfield code="4">0</subfield>
    <subfield code="7">0</subfield>
    <subfield code="8">FIC</subfield>
    <subfield code="a">MP</subfield>
    <subfield code="b">MP</subfield>
    <subfield code="d">2009-08-31</subfield>
    <subfield code="e">Tarun Books/3944/21.5.09/13/23.4.09/4.7.09</subfield>
    <subfield code="g">80.00</subfield>
    <subfield code="l">0</subfield>
    <subfield code="o">S GAR</subfield>
    <subfield code="p">B-344691</subfield>
    <subfield code="r">2009-08-31 00:00:00</subfield>
    <subfield code="t">1</subfield>
    <subfield code="v">80.00</subfield>
    <subfield code="w">2009-08-31</subfield>
    <subfield code="y">CH</subfield>
  </datafield>
  <datafield tag="952" ind1=" " ind2=" ">
    <subfield code="0">0</subfield>
    <subfield code="1">0</subfield>
    <subfield code="2">ddc</subfield>
    <subfield code="4">0</subfield>
    <subfield code="7">0</subfield>
    <subfield code="8">FIC</subfield>
    <subfield code="a">BL4</subfield>
    <subfield code="b">BL4</subfield>
    <subfield code="d">2009-08-31</subfield>
    <subfield code="e">Tarun Books/3944/21.5.09/13/23.4.09/4.7.09</subfield>
    <subfield code="g">80.00</subfield>
    <subfield code="l">1</subfield>
    <subfield code="m">1</subfield>
    <subfield code="o">S GAR</subfield>
    <subfield code="p">B-344692</subfield>
    <subfield code="r">2020-11-07 00:00:00</subfield>
    <subfield code="s">2020-10-13</subfield>
    <subfield code="t">1</subfield>
    <subfield code="v">80.00</subfield>
    <subfield code="y">CH</subfield>
  </datafield>
  <datafield tag="952" ind1=" " ind2=" ">
    <subfield code="0">0</subfield>
    <subfield code="1">5</subfield>
    <subfield code="2">ddc</subfield>
    <subfield code="4">0</subfield>
    <subfield code="7">0</subfield>
    <subfield code="8">FIC</subfield>
    <subfield code="a">YV</subfield>
    <subfield code="b">YV</subfield>
    <subfield code="d">2009-08-31</subfield>
    <subfield code="e">Tarun Books/3944/21.5.09/13/23.4.09/4.7.09</subfield>
    <subfield code="g">80.00</subfield>
    <subfield code="l">0</subfield>
    <subfield code="o">S GAR</subfield>
    <subfield code="p">B-344693</subfield>
    <subfield code="r">2009-08-31 00:00:00</subfield>
    <subfield code="t">1</subfield>
    <subfield code="v">80.00</subfield>
    <subfield code="y">CH</subfield>
  </datafield>
  <datafield tag="952" ind1=" " ind2=" ">
    <subfield code="0">0</subfield>
    <subfield code="1">0</subfield>
    <subfield code="2">ddc</subfield>
    <subfield code="4">0</subfield>
    <subfield code="7">0</subfield>
    <subfield code="8">FIC</subfield>
    <subfield code="a">RC1</subfield>
    <subfield code="b">RC1</subfield>
    <subfield code="d">2009-08-31</subfield>
    <subfield code="e">Tarun Books/3944/21.5.09/13/23.4.09/4.7.09</subfield>
    <subfield code="g">80.00</subfield>
    <subfield code="l">0</subfield>
    <subfield code="o">S GAR</subfield>
    <subfield code="p">B-344694</subfield>
    <subfield code="r">2009-08-31 00:00:00</subfield>
    <subfield code="t">1</subfield>
    <subfield code="v">80.00</subfield>
    <subfield code="w">2009-08-31</subfield>
    <subfield code="y">CH</subfield>
  </datafield>
  <datafield tag="952" ind1=" " ind2=" ">
    <subfield code="0">0</subfield>
    <subfield code="1">0</subfield>
    <subfield code="2">ddc</subfield>
    <subfield code="4">0</subfield>
    <subfield code="7">0</subfield>
    <subfield code="8">FIC</subfield>
    <subfield code="a">RC3</subfield>
    <subfield code="b">RC3</subfield>
    <subfield code="d">2009-08-31</subfield>
    <subfield code="e">Tarun Books/3944/21.5.09/13/23.4.09/4.7.09</subfield>
    <subfield code="g">80.00</subfield>
    <subfield code="l">0</subfield>
    <subfield code="o">S GAR</subfield>
    <subfield code="p">B-344695</subfield>
    <subfield code="r">2009-08-31 00:00:00</subfield>
    <subfield code="t">1</subfield>
    <subfield code="v">80.00</subfield>
    <subfield code="w">2009-08-31</subfield>
    <subfield code="y">CH</subfield>
  </datafield>
  <datafield tag="952" ind1=" " ind2=" ">
    <subfield code="0">4</subfield>
    <subfield code="1">0</subfield>
    <subfield code="2">ddc</subfield>
    <subfield code="4">0</subfield>
    <subfield code="7">0</subfield>
    <subfield code="8">FIC</subfield>
    <subfield code="a">RC4</subfield>
    <subfield code="b">RC4</subfield>
    <subfield code="d">2009-08-31</subfield>
    <subfield code="e">Tarun Books/3944/21.5.09/13/23.4.09/4.7.09</subfield>
    <subfield code="g">80.00</subfield>
    <subfield code="l">0</subfield>
    <subfield code="o">S GAR</subfield>
    <subfield code="p">B-344696</subfield>
    <subfield code="r">2009-08-31 00:00:00</subfield>
    <subfield code="t">4</subfield>
    <subfield code="v">80.00</subfield>
    <subfield code="w">2009-08-31</subfield>
    <subfield code="y">CH</subfield>
    <subfield code="z">Written off vide C-30021/05/2022/Estt./110
Dt.07.11.22

</subfield>
  </datafield>
  <datafield tag="952" ind1=" " ind2=" ">
    <subfield code="0">0</subfield>
    <subfield code="1">5</subfield>
    <subfield code="2">ddc</subfield>
    <subfield code="4">0</subfield>
    <subfield code="7">0</subfield>
    <subfield code="8">FIC</subfield>
    <subfield code="a">RC4</subfield>
    <subfield code="b">RC4</subfield>
    <subfield code="d">2009-08-31</subfield>
    <subfield code="e">Tarun Books/3944/21.5.09/13/23.4.09/4.7.09</subfield>
    <subfield code="g">80.00</subfield>
    <subfield code="l">0</subfield>
    <subfield code="o">S GAR</subfield>
    <subfield code="p">B-344697</subfield>
    <subfield code="r">2009-08-31 00:00:00</subfield>
    <subfield code="t">4</subfield>
    <subfield code="v">80.00</subfield>
    <subfield code="y">CH</subfield>
  </datafield>
  <datafield tag="952" ind1=" " ind2=" ">
    <subfield code="0">0</subfield>
    <subfield code="1">0</subfield>
    <subfield code="2">ddc</subfield>
    <subfield code="4">0</subfield>
    <subfield code="7">0</subfield>
    <subfield code="8">FIC</subfield>
    <subfield code="a">RC4</subfield>
    <subfield code="b">RC4</subfield>
    <subfield code="d">2009-08-31</subfield>
    <subfield code="e">Tarun Books/3944/21.5.09/13/23.4.09/4.7.09</subfield>
    <subfield code="g">80.00</subfield>
    <subfield code="l">0</subfield>
    <subfield code="o">S GAR</subfield>
    <subfield code="p">B-344698</subfield>
    <subfield code="r">2009-08-31 00:00:00</subfield>
    <subfield code="t">4</subfield>
    <subfield code="v">80.00</subfield>
    <subfield code="w">2009-08-31</subfield>
    <subfield code="y">CH</subfield>
  </datafield>
  <datafield tag="952" ind1=" " ind2=" ">
    <subfield code="0">0</subfield>
    <subfield code="1">5</subfield>
    <subfield code="2">ddc</subfield>
    <subfield code="4">0</subfield>
    <subfield code="7">0</subfield>
    <subfield code="8">FIC</subfield>
    <subfield code="a">RC4</subfield>
    <subfield code="b">RC4</subfield>
    <subfield code="d">2009-08-31</subfield>
    <subfield code="e">Tarun Books/3944/21.5.09/13/23.4.09/4.7.09</subfield>
    <subfield code="g">80.00</subfield>
    <subfield code="l">0</subfield>
    <subfield code="o">S GAR</subfield>
    <subfield code="p">B-344699</subfield>
    <subfield code="r">2009-08-31 00:00:00</subfield>
    <subfield code="t">4</subfield>
    <subfield code="v">80.00</subfield>
    <subfield code="y">CH</subfield>
  </datafield>
  <datafield tag="952" ind1=" " ind2=" ">
    <subfield code="0">0</subfield>
    <subfield code="1">3</subfield>
    <subfield code="2">ddc</subfield>
    <subfield code="4">0</subfield>
    <subfield code="7">0</subfield>
    <subfield code="8">FIC</subfield>
    <subfield code="a">JP</subfield>
    <subfield code="b">JP</subfield>
    <subfield code="d">2009-09-09</subfield>
    <subfield code="e">DBAD / PUB</subfield>
    <subfield code="g">80.00</subfield>
    <subfield code="l">29</subfield>
    <subfield code="m">1</subfield>
    <subfield code="o">S GAR</subfield>
    <subfield code="p">B-357113</subfield>
    <subfield code="r">2019-10-07 00:00:00</subfield>
    <subfield code="s">2014-04-21</subfield>
    <subfield code="t">1</subfield>
    <subfield code="v">80.00</subfield>
    <subfield code="w">2009-09-09</subfield>
    <subfield code="y">CH</subfield>
  </datafield>
  <datafield tag="952" ind1=" " ind2=" ">
    <subfield code="0">0</subfield>
    <subfield code="1">0</subfield>
    <subfield code="2">ddc</subfield>
    <subfield code="4">0</subfield>
    <subfield code="7">0</subfield>
    <subfield code="8">FIC</subfield>
    <subfield code="a">JP</subfield>
    <subfield code="b">JP</subfield>
    <subfield code="d">2009-09-16</subfield>
    <subfield code="e">Tarun Books/4121/9.9.09/89/2.9.09/11.9.09</subfield>
    <subfield code="g">80.00</subfield>
    <subfield code="l">32</subfield>
    <subfield code="m">2</subfield>
    <subfield code="o">S GAR</subfield>
    <subfield code="p">B-357737</subfield>
    <subfield code="r">2014-01-21 00:00:00</subfield>
    <subfield code="s">2014-01-15</subfield>
    <subfield code="t">1</subfield>
    <subfield code="v">80.00</subfield>
    <subfield code="w">2009-09-16</subfield>
    <subfield code="y">CH</subfield>
  </datafield>
  <datafield tag="952" ind1=" " ind2=" ">
    <subfield code="0">0</subfield>
    <subfield code="1">0</subfield>
    <subfield code="2">ddc</subfield>
    <subfield code="4">0</subfield>
    <subfield code="7">0</subfield>
    <subfield code="8">FIC</subfield>
    <subfield code="a">TN</subfield>
    <subfield code="b">TN</subfield>
    <subfield code="d">2009-08-31</subfield>
    <subfield code="e">Tarun Books/3944/21.5.09/13/23.4.09/4.7.09</subfield>
    <subfield code="g">80.00</subfield>
    <subfield code="l">2</subfield>
    <subfield code="o">S GAR</subfield>
    <subfield code="p">B-344677</subfield>
    <subfield code="r">2026-04-09 14:45:44</subfield>
    <subfield code="s">2026-03-17</subfield>
    <subfield code="t">1</subfield>
    <subfield code="v">80.00</subfield>
    <subfield code="y">CH</subfield>
  </datafield>
</record>
